000 00479nam a2200169 i 4500
001 68888
003 ES-MaACL
005 20230906170403.0
007 t|
008 040722s1913 fr ||||1| fre d
080 _a821.133.1-31"18"
100 1 _aGoron, Marie-François.
_959206
245 1 4 _aLes chauffeurs de l'an VIII , l'ancienne manière /
_cMarie-François Goron.
260 _aParis :
_bFlammarion,
_c[1913?]
300 _a308 p. ;
_c19 cm.
852 _aES-MaACL
_jD-1375
999 _c68888
_d68888